000 00408cam a2200181 4500
001 D13178
008 090401t1927 xxu||||| |||| 00| 0 eng d
035 _a(Sirsi) u8195
041 _aeng
100 _aKonstam, E.M.
245 4 _aThe Rating and Valuation Act 1925
250 _a2nd
260 _aLondon
_bButterworth
_c1927
350 _a0
520 _aShelf 117
942 _n0
948 _c04/03/1997
999 _c86495
_d86495